| 000 | 00586nam a2200181 a 4500 | ||
|---|---|---|---|
| 001 | 000042399 | ||
| 005 | 20201002040129.0 | ||
| 008 | 131128s2012 mx ac 000 0 spa d | ||
| 020 | _a9786071118103 | ||
| 040 |
_aDO-SdBNP _bspa _cBNPHU |
||
| 100 | 1 |
_aFonda, Jane _969514 |
|
| 240 | 1 | 0 | _aPrime Time |
| 245 | 1 | 0 |
_aPrime Time : _bmis mejores años. / _cJane Fonda; traducción, Aída Lara; ilustraciones, Angela Martini. |
| 260 |
_aMéxico, : _bAguilar, _c2012. |
||
| 300 |
_a430 p. : _bil., retrs. ; _c24 cm. |
||
| 700 | 1 |
_aLara, Aída _etrad. _969515 |
|
| 700 | 1 |
_aMartini, Angela _eil. _969516 |
|
| 999 |
_c41888 _d41888 |
||